Participación ciudadana y descentralización en América Latina : (Registro nro. 15671)

Detalles MARC
000 -CABECERA
campo de control de longitud fija 02675nam a2200289 i 4500
003 - IDENTIFICADOR DEL NÚMERO DE CONTROL
campo de control DO-SdBPM
005 - FECHA Y HORA DE LA ÚLTIMA TRANSACCIÓN
campo de control 20260209090908.0
007 - CAMPO FIJO DE DESCRIPCIÓN FÍSICA--INFORMACIÓN GENERAL
campo de control de longitud fija ta
008 - DATOS DE LONGITUD FIJA--INFORMACIÓN GENERAL
campo de control de longitud fija 230616b2002 dr ||||| |||| 00| 0 spa d
020 ## - NÚMERO INTERNACIONAL ESTÁNDAR DEL LIBRO
Número Internacional Estándar del Libro 9993425389
040 ## - FUENTE DE LA CATALOGACIÓN
Centro catalogador/agencia de origen DO-SdBPM
Lengua de catalogación spa
Centro/agencia transcriptor BPMSU
Normas de descripción rda
Centro/agencia modificador
082 #4 - NÚMERO DE LA CLASIFICACIÓN DECIMAL DEWEY
Número de clasificación 302.14
Número de documento/Ítem P273c 2002
Número de edición 22
245 00 - MENCIÓN DE TÍTULO
Título Participación ciudadana y descentralización en América Latina :
Resto del título avances, problemas, desafios y prácticas ejemplares /
Mención de responsabilidad, etc. editor, Ramón Tejada Holguín
264 ## - PRODUCCIÓN, PUBLICACIÓN, DISTRIBUCIÓN, FABRICACIÓN Y COPYRIGHT
Producción, publicación, distribución, fabricación y copyright Santo Domingo :
Nombre del de productor, editor, distribuidor, fabricante Instituto Interamericano de Desarrollo Social
-- }Banco Interamericano de Desarrollo :
-- Instituto Tecnológico de Santo Domingo,
Fecha de producción, publicación, distribución, fabricación o copyright 2002.
300 ## - DESCRIPCIÓN FÍSICA
Extensión 346 páginas ;
Otras características físicas ilustraciones,
Dimensiones 22 cm.
336 ## - TIPO DE CONTENIDO
Fuente rdacontent
Término de tipo de contenido texto
Código de tipo de contenido txt
337 ## - TIPO DE MEDIO
Fuente rdamedia
Nombre/término del tipo de medio sin mediación
Código del tipo de medio n
338 ## - TIPO DE SOPORTE
Fuente rdacarrier
Nombre/término del tipo de soporte volumen
Código del tipo de soporte nc
500 ## - NOTA GENERAL
Nota general Incluye referencias bibliográficas y notas al pie de las páginas
505 0# - NOTA DE CONTENIDO CON FORMATO
Nota de contenido con formato Estado y descentralización en América Latina 23 -- La descentralización y el nuevo Estado / Fernando Calderón 25 -- Descentralización y gobernabilidad democrática en América Latina. (Nota e hipótesis para la discusión) / Wilfredo Lozano 57 -- Municipalidad, descentralización y participación en República Dominicana 97 -- Las reformas económicas / Isidoro Santana 99 -- Proyecto de ordenamiento territorial y descentralización de la función pública / Tirso Mejía Ricart 113 -- La descentralización y la reforma del sector salud en la República Dominicana / Bernardo Matías 135 -- Participación ciudadana y reformas políticas / Javier Cabreja 145 -- Provincias y regiones : consideraciones en torno a la división y organización territorial / Pedro Hernández Paulino 159 -- Los ocho desafíos de la autonomía municipal / Faustino Collado 179 -- Ley de participación social y ciudadana de la República Dominicana / José Angel Aquino 185 -- Experiencias de éxitos en América Latina 207 -- Dos experiencias latinoamericanas de búsqueda deliberativa / Fernando Calderón 209 -- Poder local y ciudadanía; experiencia del presupuesto participativo de Puerto Alegre / Luciano Fedozzi 229 -- La enseñanza del enfoque y herramientas de la gerencia social en el nivel municipal. Bases de una propuesta curricular / Isabel Licha 277 -- Conclusiones de los grupos de trabajo 295 -- Anteproyecto de Ley de participación de la República Dominicana 311
590 ## - NOTA LOCAL (RLIN)
Nota local Inventariado, 2026/VM
650 #7 - PUNTO DE ACCESO ADICIONAL DE MATERIA--TÉRMINO DE MATERIA
Término de materia o nombre geográfico como elemento de entrada Participación social
Subdivisión geográfica América Latina
650 #7 - PUNTO DE ACCESO ADICIONAL DE MATERIA--TÉRMINO DE MATERIA
Término de materia o nombre geográfico como elemento de entrada Descentralización administrativa
Subdivisión geográfica América Latina
700 1# - PUNTO DE ACCESO ADICIONAL--NOMBRE DE PERSONA
Nombre de persona Tejada Holguín, Ramón,
Fechas asociadas al nombre 1961-
Término indicativo de función/relación editor
910 ## - DATOS DE OPCIÓN DEL USUARIO (OCLC)
Datos de opción del usuario VMateo V. Control de calidad. BPMSU
942 ## - ELEMENTOS DE PUNTO DE ACCESO ADICIONAL (KOHA)
Fuente del sistema de clasificación o colocación Dewey Decimal Classification
Tipo de ítem Koha Libros
Existencias
Estado de retiro Estado de pérdida Fuente del sistema de clasificación o colocación No para préstamo Código de colección Localización permanente Ubicación/localización actual Fecha de adquisición Total de préstamos Signatura topográfica completa Código de barras Fecha visto por última vez Precio válido a partir de Tipo de ítem Koha Número de copia
    Dewey Decimal Classification   Colección Dominicana Biblioteca Pública Metropolitana Salomé Ureña Biblioteca Pública Metropolitana Salomé Ureña 02/09/2026   BPMSU CD 302.14 P273c 2002 BPMSU26020046 02/09/2026 02/09/2026 Libros  
    Dewey Decimal Classification   Colección Dominicana Biblioteca Pública Metropolitana Salomé Ureña Biblioteca Pública Metropolitana Salomé Ureña 02/09/2026   BPMSU CD 302.14 P273c 2002 BPMSU26020047 02/09/2026 02/09/2026 Libros e.2
    Dewey Decimal Classification   Colección Dominicana Biblioteca Pública Metropolitana Salomé Ureña Biblioteca Pública Metropolitana Salomé Ureña 02/09/2026   BPMSU CD 302.14 P273c 2002 BPMSU26020048 02/09/2026 02/09/2026 Libros e.3